01466nam a2200361 a 4500001001200000003000800012006001900020007001500039008004100054010001700095020003100112020002700143040002100170035002100191050002600212082001500238245015900253260005000412300001900462490004100481504004100522533015200563650002900715650005300744650002600797655002900823700002800852700003400880710001700914830003000931856012600961999001701087ebr10582188CaPaEBRm u cr cn|||||||||120502s2012 gw a sb 000 0 eng d z 2012016385 z9783110229219 (alk. paper) z9783110229226 (e-book) aCaPaEBRcCaPaEBR a(OCoLC)80583038014aP128.C664bL34 2012eb04a404/.222300aLinguistic complexityh[electronic resource] :bsecond language acquisition, indigenization, contact /cedited by Bernd Kortmann and Benedikt Szmrecsanyi. aBerlin ;aBoston :bWalter de Gruyter,c2012. a264 p. :bill.1 aLinguae & litterae,x1869-7054 ;v13 aIncludes bibliographical references. aElectronic reproduction.bPalo Alto, Calif. :cebrary,d2013.nAvailable via World Wide Web.nAccess may be limited to ebrary affiliated libraries. 0aComplexity (Linguistics) 0aSecond language acquisitionxStudy and teaching. 0aLanguages in contact. 7aElectronic books.2local1 aKortmann, Bernd,d1960-1 aSzmrecsanyi, Benedikt,d1976-2 aebrary, Inc. 0aLinguae & litterae ;v13.40uhttp://site.ebrary.com/lib/rucke/Doc?id=10582188zAn electronic book accessible through the World Wide Web; click to view c83942d83942